000 00544nam a22001817a 4500
005 20231130154322.0
010 _aENG-138502
020 _a9788195532025
_c1500.00
035 _aEN-122034
037 _bDBAD/PUB
082 _a641.5
100 _aPawar, Dr. Vilas J
_959273
245 _aDrink and Dine/
_cby Dr. Vilas J.Pawar
260 _aThane
_bOm Publication
_c2023
270 _bMaharashtra
_e400602
_aParadise TOWER , M-3 Gokhale Rd,
_k02225364141
300 _a142p.
_c25cm(HB)
_bill.
942 _2ddc
_cEN
_h641.5
_mPAW
999 _c199345
_d199345